<?xml version="1.0" encoding="UTF-8"?>
<record
    xmlns:xsi="http://www.w3.org/2001/XMLSchema-instance"
    xsi:schemaLocation="http://www.loc.gov/MARC21/slim http://www.loc.gov/standards/marcxml/schema/MARC21slim.xsd"
    xmlns="http://www.loc.gov/MARC21/slim">

  <leader>03305    a2200205   4500</leader>
  <controlfield tag="001">54203</controlfield>
  <controlfield tag="005">20260407155812.0</controlfield>
  <controlfield tag="008">260407a1970    arg                 spa d</controlfield>
  <controlfield tag="003">AR-UNSa-BCEJYS</controlfield>
  <datafield tag="040" ind1=" " ind2=" ">
    <subfield code="a">AR-UNSa-BCEJYS</subfield>
    <subfield code="b">spa</subfield>
    <subfield code="c">AR-UNSa-BCEJYS</subfield>
  </datafield>
  <datafield tag="080" ind1=" " ind2=" ">
    <subfield code="a">330.8</subfield>
    <subfield code="x">Historia de las teor&#xED;as, Doctrinas, Dogmas econ&#xF3;micos (pensamiento econ&#xF3;mico)</subfield>
  </datafield>
  <datafield tag="245" ind1="1" ind2="0">
    <subfield code="a">Historia del pensamiento econ&#xF3;mico</subfield>
  </datafield>
  <datafield tag="264" ind1=" " ind2="1">
    <subfield code="a">Barcelona :</subfield>
    <subfield code="b">Ediciones Ariel</subfield>
    <subfield code="c">1970</subfield>
  </datafield>
  <datafield tag="300" ind1=" " ind2=" ">
    <subfield code="a">615 p.</subfield>
    <subfield code="c">23 cm.</subfield>
  </datafield>
  <datafield tag="505" ind1=" " ind2=" ">
    <subfield code="a">Primera Parte: EL IDEALISMO POLITICO Y ECONOMICO EN LA FILOSOFIA GRIEGA Y SU DECADENCIA: 1. Plat&#xF3;n: la organizaci&#xF3;n econ&#xF3;mica, instrumento de la salvaci&#xF3;n de las almas &#x2013; 2. Arist&#xF3;teles: la organizaci&#xF3;n econ&#xF3;mica adaptada a la finalidad propia del ser humano &#x2013; 3. La decadencia del pensamiento pol&#xED;tico y econ&#xF3;mico en el mundo romano y en la Edad Media - - Segunda Parte: EL NACIMIENTO DE LA ECONOMIAPOLITICA Y LA AFIRMACION DE LA DOCTRINA LIBERAL: 1. Mercantismo y utopismo en la &#xE9;poca del Renacimiento &#x2013; 2. La primera critica al mercantilismo &#x2013; 3. Quesnay y la fisiocracia &#x2013; 4. Adam Smith &#x2013; 5. Dos tentativas de construcci&#xF3;n de una ciencia basada en la noci&#xF3;n de utilidad. Condillac y Bentham - - Tercera Parte: LOS PRIMEROSCONSTRUCTORES DE LA DOCTRINA SOCIALISTA: 1. El comunismo naturalista en Francia en el siglo XVIII &#x2013; 2. La restauraci&#xF3;n del idealismo social: Jean-Jacques Rousseau &#x2013; 3. La oposici&#xF3;n a la fisiocracia en el abate de Mably &#x2013; 4. El utilitarismo socialista de William Godwim &#x2013; 5. El socialismo de Fichte - - Cuarta Parte: LA ECONOMIA POLITICA ANTE LOS EFECTOS DE LA REVOLUCION INDUSTRIAL: 1. Las consecuencias de la revoluci&#xF3;n industrial sobre la situaci&#xF3;n de los trabajadores ingleses del siglo XVIII &#x2013; 2. La demostraci&#xF3;n de la utilidad de la miseria por Malthus &#x2013; 3. El optimismo de Jean-Baptiste Say &#x2013; 4. La econom&#xED;a pol&#xED;tica ricardiana &#x2013; 5. La teor&#xED;a del crecimiento econ&#xF3;mico en Malthus - - Quinta Parte: LOS PRINCIPALES PENSADORES SOCIALISTAS DEL SIGLO XIX: 1. El socialismo asociacionista &#x2013; 2. El socialismo tecnocr&#xE1;tico: Saint-Sim&#xF3;n y sus disc&#xED;pulos &#x2013; 3. Los socialistas &#x201C;ricardianos&#x201D; &#x2013; 4. Pierre-Joseph Proudhon &#x2013; 5. La filosof&#xED;a pol&#xED;tica de Hegel &#x2013; 6. El pensamiento de Carlos Marx  - - Sexta Parte: LA ECONOMIA POLITICA NEOCLASICA: 1. Critica de la econom&#xED;a pol&#xED;tica cl&#xE1;sica (1820-1870) &#x2013; 2. La nueva teor&#xED;a del valor y de la distribuci&#xF3;n de la renta &#x2013; 3. La erosi&#xF3;n del sistema neocl&#xE1;sico - - S&#xE9;ptima Parte: LA EVOLUCION GENERAL DEL PENSAMIENTO ECONOMICO EN LA EPOCA DEL RECRUDECIMIENTO DEL IMPERIALISMO DE LAS GUERRAS MUNDIALES Y DE LA APARICION DEL SOCIALISMO (1875-1945): 1. La evoluci&#xF3;n econ&#xF3;mica y social &#x2013; 2. La doctrina socialista ante la prueba de los hechos &#x2013; 3. La formaci&#xF3;n de la doctrina del fascismo &#x2013; 4. El liberalismo Keynesiano - - Octava Parte: PANORAMAS DE LOS GRANDES EJES DE DESARROLLO DEL PENSAMIENTO ECONOMICO EN EL  MUNDO ACTUAL: 1. La investigaci&#xF3;n te&#xF3;rica en los pa&#xED;ses occidentales &#x2013; 2. Los recientes desarrollos del pensamiento econ&#xF3;mico en la Uni&#xF3;n Sovi&#xE9;tica &#x2013; 3. La discusi&#xF3;n sobre las transformaciones y el futuro del sistema capitalista.   </subfield>
  </datafield>
  <datafield tag="041" ind1=" " ind2=" ">
    <subfield code="a">spa</subfield>
  </datafield>
  <datafield tag="942" ind1=" " ind2=" ">
    <subfield code="c">BK</subfield>
  </datafield>
  <datafield tag="590" ind1=" " ind2=" ">
    <subfield code="a">niveau_biblio:m niveau_hierar:0</subfield>
  </datafield>
  <datafield tag="100" ind1="1" ind2=" ">
    <subfield code="a">Denis, Henri</subfield>
  </datafield>
  <datafield tag="999" ind1=" " ind2=" ">
    <subfield code="c">5374</subfield>
    <subfield code="d">5374</subfield>
  </datafield>
  <datafield tag="952" ind1=" " ind2=" ">
    <subfield code="0">0</subfield>
    <subfield code="1">0</subfield>
    <subfield code="4">0</subfield>
    <subfield code="7">0</subfield>
    <subfield code="a">BCEJYS</subfield>
    <subfield code="b">BCEJYS</subfield>
    <subfield code="c">16</subfield>
    <subfield code="d">2026-04-07</subfield>
    <subfield code="l">0</subfield>
    <subfield code="o">330.8 D395</subfield>
    <subfield code="p">L12462</subfield>
    <subfield code="r">2026-04-07 15:58:12</subfield>
    <subfield code="w">2026-04-07</subfield>
    <subfield code="y">L</subfield>
  </datafield>
  <datafield tag="952" ind1=" " ind2=" ">
    <subfield code="0">0</subfield>
    <subfield code="1">0</subfield>
    <subfield code="4">0</subfield>
    <subfield code="7">0</subfield>
    <subfield code="a">BCEJYS</subfield>
    <subfield code="b">BCEJYS</subfield>
    <subfield code="c">16</subfield>
    <subfield code="d">2026-04-07</subfield>
    <subfield code="l">0</subfield>
    <subfield code="o">330.8 D395</subfield>
    <subfield code="p">L12461</subfield>
    <subfield code="r">2026-04-07 15:58:12</subfield>
    <subfield code="w">2026-04-07</subfield>
    <subfield code="y">L</subfield>
  </datafield>
</record>
